02637nab a2200325uuc4500001000800000005001700008008004100025035001200066040001300078041000800091100004900099245008600148520131600234650003401550650004701584650003701631650004301668700005501711700004901766700005001815700004401865700004101909700004101950700004701991700004302038700005502081773014602136942001002282999001902292135909820240202114014.0140212e20130905 spa  a1359098 ccomduadb aspa10aPeniche Alvarado, Carolina4auteaut969241513aLa impronta del ganglio linfático para el diagnóstico de neoplasias linfoides3 aIntroducción: los linfomas son las neoplasias linfoproliferativas más frecuentes en México. Su diagnóstico se basa en el estudio histopatológico. El análisis morfológico de la impronta del ganglio linfático se ha utilizado desde hace más de 40 años. Los objetivos de esta investigación fueron determinar la sensibilidad, la especificidad y los valores predictivos positivo y negativo de la impronta del ganglio linfático para el diagnóstico del linfoma y estimar el índice interobservador. Métodos: estudio retrospectivo, observacional y prolectivo de las improntas de ganglios linfáticos obtenidas por biopsia durante un periodo de seis años. Resultados: se incluyeron 199 improntas; 27.1 % se consideró reactivo (n = 54), 16.1 % como linfoma Hodgkin (n = 32), 40.2 % (n = 80) como no Hodgkin y 16.6 % (n = 33) como carcinoma metastásico. Al compararlas con los reportes histopatológicos finales, la sensibilidad fue de 88 % (0.81-0.95), la especificidad de 64 % (0.55-0.73), el valor predictivo positivo de 67 % (0.59-0.76) y el negativo, de 86 % (0.79-0.94). La concordancia interobservador fue moderada (índice kappa de 0.467). Conclusiones: el análisis de la impronta del ganglio linfático es útil para el diagnóstico de las neoplasias linfoproliferativas. aGanglios linfáticos9207114 aExcisión del ganglio linfático9153544 aMetástasis linfática9208032 aValor predictivo de las pruebas91703510aRamos Peñafiel, Christian Omar4auteaut947196310aMartínez Murillo, Carlos4auteaut963812710aRomero Guadarrama, Mónica4auteaut968441810aOlarte Carrillo, Irma4auteaut967054010aRozen Fuller, Etta4auteaut953936810aRozen Fuller, Etta4auteaut953936810aMartínez Tovar, Adolfo4auteaut969241610aCollazo Jaloma, Juan4auteaut970247210aMendoza García, Carlos Alberto4auteaut97024730 tRevista Médica del Instituto Mexicano del Seguro Social (México)gVol. 51, No. 05, Sep.-Oct. 2013, p. 502-505w332961x0443-51170108785 cARIMP c673003d673003